| 000 | 01193nam a2200337 a 4500 | ||
|---|---|---|---|
| 001 | 60298 | ||
| 003 | CO-BoRNBP | ||
| 005 | 20260121212333.0 | ||
| 007 | ta | ||
| 008 | 110308s1992 ck ab gr 00010dspa d | ||
| 020 | _a9582803665 | ||
| 040 |
_aCO-BoBLA _bspa _cCO-BoBLA |
||
| 041 | 1 |
_aspa _hfre |
|
| 043 |
_as------ _an------ _acn----- |
||
| 082 | 0 | 4 |
_a900 _bC17p _220 |
| 100 | 1 |
_aCarnac, Pierre. _968231 |
|
| 245 | 1 | 3 |
_aEl primer descubrimiento : _b¿descubrieron América los judíos en la antigüedad? / _cPierre Carnac ; traducción de F. García-Prieto. |
| 250 | _a1a. edición | ||
| 300 |
_a288 p : _bil., mapas ; _c23 cm. |
||
| 336 |
_2rdacontent _atexto _btxt |
||
| 337 |
_2rdamedia _asin mediación _bn |
||
| 338 |
_2rdacarrier _avolumen _bnc |
||
| 504 | _aIncluye bibliografía. | ||
| 534 | _tLes juifs en Amérique Ancienne. | ||
| 650 | 7 |
_aDescubrimiento de América _x Aspectos históricos. _2BLAAUTO _968232 |
|
| 651 | 7 |
_aAmérica _x Descubrimiento y exploraciones _y Antes de 1492. _968233 |
|
| 651 | 7 |
_aAmérica _x Descubrimiento y exploraciones _x Judios. _968234 |
|
| 700 | 1 |
_aGarcía-Prieto Buendía, Fabián, _etr. _968235 |
|
| 942 |
_2ddc _cBK |
||
| 949 |
_an _bn |
||
| 999 |
_c60298 _d60298 |
||